Normal view
MARC view
- Weidenborner, Stephen and Caruso, Domenick
Entry Personal Name
001 - CONTROL NUMBER
- control field: 53407
003 - CONTROL NUMBER IDENTIFIER
- control field: NUST
005 - DATE AND TIME OF LATEST TRANSACTION
- control field: 20210421115718.0
008 - FIXED-LENGTH DATA ELEMENTS
- fixed length control field: 210421|| aca||aabn | a|a d
040 ## - CATALOGING SOURCE
- Original cataloging agency: NUST
- Transcribing agency: NUST
100 ## - HEADING--PERSONAL NAME
- Personal name: Weidenborner, Stephen and Caruso, Domenick
670 ## - SOURCE DATA FOUND
- Source citation: Work cat.: (NUST): Weidenborner, Stephen and Caruso, Domenick., Writing research papers. a guide to the process. /, 1997
